The 5 Philippine Presidencial Candidates - Statistics

General Stats
  • This quiz has been taken 20 times
  • The average score is 4 of 5
Answer Stats
Description Candidate % Correct
Current Vice President Leni Robredo
100%
Mayor of Manila Isko Moreno
95%
Senator, Famous Boxer Manny Pacquiao
95%
Former Senator, son of 10th President Bongbong Marcos
89%
Senator, Former police general Ping Lacson
58%
No matching quizzes found
Score Distribution
Percent of People with Each Score
Percentile by Number Answered
Your Score History
You have not taken this quiz